Escuela y campamento

Gespeichert in:
Bibliographische Detailangaben
Hauptverfasser: Barbaglia, Edith Alina (VerfasserIn), Barbaglia, Elma Elena (VerfasserIn)
Format: Buch
Sprache:Spanisch
Veröffentlicht: Buenos Aires EUDEBA 1965
Schriftenreihe:La Escuela en el Tiempo. Cuadernos de la Primaria, 20
Schlagworte:
Tags: Tag hinzufügen
Keine Tags, Fügen Sie den ersten Tag hinzu!

MARC

LEADER 00000nam a2200000 a 4500
001 UCZ6884
003 CL-VaPUC
008 951215e19650000AG |||||||||||||||||spa|d
082 0 4 |a 796.542  |b BAR  |2 21 
100 0 |a Barbaglia, Edith Alina  |e author  |9 351462 
700 0 |a Barbaglia, Elma Elena  |e author  |9 351463 
245 1 0 |a Escuela y campamento 
300 |a 45 p 
942 |c BK 
945 |d 19951215 00:00:00  |a lriquelm 
260 |a Buenos Aires  |b EUDEBA  |c 1965 
650 7 |a CAMPAMENTO  |2 CL-VaPUC  |9 331097 
650 0 |a Escuelas  |9 308582 
650 7 |a EXCURSIONES AL AIRE LIBRE  |2 CL-VaPUC  |9 340682 
650 7 |a PLANIFICACION  |2 CL-VaPUC  |9 260802 
583 |a last modification  |c 19951215 00:00:00  |k Rodrigo Vera 
490 0 |a La Escuela en el Tiempo. Cuadernos de la Primaria, 20 
999 |c 243034  |d 243032 
952 |0 0  |1 0  |4 0  |6 796_542000000000000_BAR_1965  |7 0  |8 P  |9 256408  |a BIBEDU  |b BIBEDU  |c BIBEDU_PB  |d 2019-11-19  |i 1608843  |o 796.542 BAR 1965  |p 1608843  |r 2024-01-25  |w 2019-11-19  |y BK  |k EDU